La sous représentation des français d'origine étrangère : Crise du système représentatif ou discrimination politique (notice n° 2185676)
[ vue normale ]
| 000 -LEADER | |
|---|---|
| fixed length control field | 01010cam a2200121 4500500 |
| 005 - DATE AND TIME OF LATEST TRANSACTION | |
| control field | 20260405052513.0 |
| 041 ## - LANGUAGE CODE | |
| Language code of text/sound track or separate title | fre |
| 042 ## - AUTHENTICATION CODE | |
| Authentication code | dc |
| 245 00 - TITLE STATEMENT | |
| Title | La sous représentation des français d'origine étrangère : Crise du système représentatif ou discrimination politique |
| 260 ## - PUBLICATION, DISTRIBUTION, ETC. | |
| Name of publisher, distributor, etc. | L'Harmattan,<br/> |
| Date of publication, distribution, etc. | 2005.<br/> |
| 520 ## - SUMMARY, ETC. | |
| Summary, etc. | Pourquoi les institutions françaises ne sont-elles pas à l’image de la diversité de la société&#8239;? Comment des pans entiers de la population française sont-ils exclus du processus public de décision ou y sont si peu représentés&#8239;? Comment une société peut-elle se permettre une telle anomalie sans se mettre sérieusement en danger&#8239;? Les partis politiques, les grandes organisations collectives et les institutions publiques doivent concevoir de nouvelles formes d’expression démocratique. |
| 856 41 - ELECTRONIC LOCATION AND ACCESS | |
| Uniform Resource Identifier | <a href="https://shs.cairn.info/la-sous-representation-des-francais-dorigine-etrangere--9782747581974?lang=fr&redirect-ssocas=7080">https://shs.cairn.info/la-sous-representation-des-francais-dorigine-etrangere--9782747581974?lang=fr&redirect-ssocas=7080</a> |
Pas d'exemplaire disponible.




Réseaux sociaux